LEADER 03115nas 2201057-a 450 001 996251329803316 005 20240115213021.0 011 $a1552-6968 035 $a(DE-599)ZDB2012946-4 035 $a(OCoLC)41385002 035 $a(CKB)963017697137 035 $a(CONSER)--2004214851 035 $a(EXLCZ)99963017697137 100 $a19990518a19919999 s-- a 101 0 $aeng 135 $aurmnu|||||||| 181 $ctxt$2rdacontent 182 $cc$2rdamedia 183 $acr$2rdacarrier 200 10$aIllness, crisis & loss 210 $aThousand Oaks, Calif. $cSage Publications$d1991- 215 $a1 online resource 300 $aRefereed/Peer-reviewed 311 $a1054-1373 517 3 $aIllness, crisis and loss 531 $aILLNESS CRISES AND LOSS 531 $aILLNESS CRISIS AND LOSS 606 $aDeath$xPsychological aspects$vPeriodicals 606 $aLoss (Psychology)$vPeriodicals 606 $aTerminal care$vPeriodicals 606 $aDeath$xPsychological aspects 606 $aGrief 606 $aPain 606 $aPalliative treatment 606 $aAttitude to Death 606 $aGrief 606 $aPain 606 $aPalliative Care 606 $aTerminal Care 606 $aMort$xAspect psychologique$vPériodiques 606 $aPerte (Psychologie)$vPériodiques 606 $aSoins en phase terminale$vPériodiques 606 $aMort$xAspect psychologique 606 $aChagrin 606 $aDouleur 606 $aSoins palliatifs 606 $aSoins en phase terminale 606 $agrief$2aat 606 $aPalliative treatment$2fast$3(OCoLC)fst01051719 606 $aPain$2fast$3(OCoLC)fst01050382 606 $aGrief$2fast$3(OCoLC)fst00947883 606 $aDeath$xPsychological aspects$2fast$3(OCoLC)fst00888643 606 $aLoss (Psychology)$2fast$3(OCoLC)fst01002621 606 $aTerminal care$2fast$3(OCoLC)fst01147835 608 $aPeriodical 608 $aperiodicals.$2aat 608 $aPeriodicals.$2fast 608 $aPeriodicals.$2lcgft 608 $aPériodiques.$2rvmgf 615 0$aDeath$xPsychological aspects 615 0$aLoss (Psychology) 615 0$aTerminal care 615 0$aDeath$xPsychological aspects. 615 0$aGrief. 615 0$aPain. 615 0$aPalliative treatment. 615 12$aAttitude to Death 615 12$aGrief 615 12$aPain 615 12$aPalliative Care 615 12$aTerminal Care 615 6$aMort$xAspect psychologique 615 6$aPerte (Psychologie) 615 6$aSoins en phase terminale 615 6$aMort$xAspect psychologique. 615 6$aChagrin. 615 6$aDouleur. 615 6$aSoins palliatifs. 615 6$aSoins en phase terminale. 615 7$agrief. 615 7$aPalliative treatment. 615 7$aPain. 615 7$aGrief. 615 7$aDeath$xPsychological aspects. 615 7$aLoss (Psychology) 615 7$aTerminal care. 676 $a152 906 $aJOURNAL 912 $a996251329803316 996 $aIllness, crisis & loss$92018368 997 $aUNISA LEADER 00898nam0-2200325---450 001 990009808390403321 005 20250218122446.0 035 $a000980839 035 $aFED01000980839 035 $a(Aleph)000980839FED01 035 $a000980839 100 $a20140114d1985----km-y0itay50------ba 101 0 $aita 102 $aIT 105 $aaf------001yd 200 1 $a<>territorio di Avigliano Umbro$earte, storia, paesaggio 210 $aTodi$cEdiart$d1985 215 $a63 p.$cill.$d24 cm 225 1 $aUmbria guide$v2 610 0 $aUmbria$aGuide artistiche 610 0 $aItalia$aAvigliano Umbro$aStoria 676 $a914.565 676 $a945.65$v21$zita 801 0$aIT$bUNINA$gRICA$2UNIMARC 901 $aBK 912 $a990009808390403321 952 $a914.56 GUID 02$b64380 bibl.$fFLFBC 959 $aFLFBC 996 $aTerritorio di Avigliano Umbro$9838044 997 $aUNINA